| 000 | 00660nam a2200229 a 4500 | ||
|---|---|---|---|
| 008 | |||
| 020 | _a0199634424 (pbk.) | ||
| 049 | _aMAIN | ||
| 090 | _aQP519.9 BEY | ||
| 100 | 1 | _aBeynon, R.J. | |
| 245 | 1 | 0 |
_aBuffer solutions : _bthe basics / _cR.J. Beynon and J.S. Easterby |
| 260 |
_aOxford : _bOxford University, _c1996. |
||
| 300 |
_aviii, 84 p. : _bill. ; _c25 cm. |
||
| 440 | _aThe basics | ||
| 504 | _aIncludes bibliographical references. | ||
| 500 | _aIncludes index. | ||
| 907 |
_a.b10231493 _b15-02-07 _c14-02-07 |
||
| 003 | |||
| 005 | 20230123134356.0 | ||
| 040 | _cNUST | ||
| 942 |
_cBOOKS _kQP519.9 BEY |
||
| 999 |
_c164831 _d164831 |
||